000 00690nam a2200289Ia 4500
005 20260324130633.0
008 008 260324s9999 xx 000 0 eng d
020 _a9780203945957
037 _aEBOOK
040 _aCRL
040 _beng
040 _cCRL
041 _2eng
041 _aeng
084 _qCRL
100 _aRoy Lowe
_91182528
245 4 _aThe Death of Progressive Education
245 0 _bHow Teachers Lost Control of the Classroom
260 _bTaylor and Francis
260 _c2007
365 _a
365 _b240
856 _uhttp://www.taylorfrancis.com/books/9780203945957
942 _cEBOOK
999 _c1778870
_d1778870